书目信息 |
| 题名: |
根
|
|
| 作者: | Haley , 哈利 著 ;陈尧光 译 | |
| 分册: | 上 | |
| 出版信息: | 北京 三联书店 1979 |
|
| 页数: | 382页 | |
| 开本: | 20cm | |
| 丛书名: | ||
| 单 册: | ||
| 中图分类: | I712.45 , I712.4 | |
| 科图分类: | ||
| 主题词: | 长篇小说--美国--现代 | |
| 电子资源: | ||
| ISBN: | ||
| 000 | 00805nam0 2200265 45 | |
| 001 | 0179005665 | |
| 005 | 20060722102314.23 | |
| 010 | @dCNY2.35 | |
| 091 | @a11002.505 | |
| 100 | @a19950724d1979 em y0chiy0121 ea | |
| 101 | 1 | @achi@ceng |
| 102 | @aCN@b110000 | |
| 105 | @ay z 000ay | |
| 200 | 10 | @a根@Agen@e一个美国家族的历史@h上@f(美)阿历克斯·哈利(A.Haley)著@F(Mei)ALi Ke Si·Ha Li(A.Haley)Zhu@g陈尧光等译 |
| 210 | @a北京@c三联书店@d1979 | |
| 215 | @a382页@d20cm | |
| 517 | 1 | @a一个美国家族的历史@Ayi ge mei guo jia zu de li shi |
| 606 | @a长篇小说@y美国@z现代 | |
| 690 | @aI712.45@v3 | |
| 690 | @aI712.4@v3 | |
| 701 | A1 | @aHaley@bA.@4著 |
| 701 | 1 | @a哈利@Aha li@bA.@4著 |
| 702 | 0 | @a陈尧光@Achen yao guang@4译 |
| 801 | 0 | @aCN@bNLC@c20060722 |
| 905 | @f1@b24248@f1@b24250@dI712.4@e358:1 | |
| 根:一个美国家族的历史.上/(美)阿历克斯·哈利(A.Haley)著/陈尧光等译.-北京:三联书店,1979 |
| 382页;20cm |
| ISBN :CNY2.35 |
| ● |
| 相关链接 |
|
|
|
|
正题名:根
索取号:I712.4/358:1
 
预约/预借
| 序号 | 登录号 | 条形码 | 馆藏地/架位号 | 状态 | 备注 |
| 1 | 0024248 | 000130986 | 第二借阅区/ [索取号:I712.4/358:1] | 在馆 | |
| 2 | 0024250 | 000788883 | 第二借阅区/ [索取号:I712.4/358:1] | 在馆 | |
| 3 | 0024251 | 000130995 | 第一样本阅览室/ [索取号:I712.4/358:1] | 在馆 | |
| 4 | 0426882 | 204268826 | 密集书库/ [索取号:I712.4/358:1] | 在馆 |